Movies Quiz

Random Movies or Oscar Quiz

Quick Pick: Best Director by Picture (1927-1934) Quiz Stats

 Plays Quiz not verified by Sporcle

Challenge
Share
Tweet
Embed
Score 0/8 Timer 01:00
0 Plays Today
% Correct
It Happened One Night
80.2%
All Quiet on the Western Front
76.9%
7th Heaven
52.7%
Cavalcade
44%
Bad Girl
44%
The Divine Lady
38.5%
Skippy
36.3%
Two Arabian Knights
29.7%

You're not logged in!

Compare scores with friends on all Sporcle quizzes.
OR
Log In

You Might Also Like...

Show Comments

Extras

Top Quizzes Today


Score Distribution

Your Account Isn't Verified!

In order to create a playlist on Sporcle, you need to verify the email address you used during registration. Go to your Sporcle Settings to finish the process.

Report this User

Report this user for behavior that violates our Community Guidelines.

Details: